| 000 | 00747nam a22002057a 4500 | ||
|---|---|---|---|
| 999 |
_c13103 _d13103 |
||
| 003 | AR-CdUCM | ||
| 008 | 190411b ||||| |||| 00| 0 spa d | ||
| 040 |
_aMUNICIPALIDAD PROVINCIAL DEL CUSCO _cBIBLIOTECA MUNICIPAL DEL CUSCO |
||
| 082 |
_aC / 800.985 / _bC79 |
||
| 100 |
_aCosio Gabriel, Jose _931301 |
||
| 245 |
_aCastellano : _b(preceptiva i literaria) / |
||
| 260 |
_aCuzco : _bH. G. Rozas Sucesores, _c1937. |
||
| 300 |
_a189 páginas ; _c20 cm. |
||
| 505 | _aPrograma oficial del curso -- Literatura i sus partes -- La belleza i sus grados -- Las bellas artes -- El escritor i el estilo... | ||
| 650 |
_aCastellano. _97963 |
||
| 650 |
_aEducación. _9460 |
||
| 650 |
_aLiteratura. _983 |
||
| 942 |
_2ddc _cLIBROS |
||
| 945 |
_awfj _d2019-04-11 |
||